<?xml version="1.0" encoding="UTF-8"?><?xml-stylesheet type="text/xsl" href="static/style.xsl"?><OAI-PMH xmlns="http://www.openarchives.org/OAI/2.0/" xmlns:xsi="http://www.w3.org/2001/XMLSchema-instance" xsi:schemaLocation="http://www.openarchives.org/OAI/2.0/ http://www.openarchives.org/OAI/2.0/OAI-PMH.xsd"><responseDate>2026-04-18T04:28:53Z</responseDate><request verb="GetRecord" identifier="oai:www.recercat.cat:10230/47137" metadataPrefix="marc">https://recercat.cat/oai/request</request><GetRecord><record><header><identifier>oai:recercat.cat:10230/47137</identifier><datestamp>2025-12-13T21:21:30Z</datestamp><setSpec>com_2072_6</setSpec><setSpec>col_2072_452952</setSpec></header><metadata><record xmlns="http://www.loc.gov/MARC21/slim" xmlns:dcterms="http://purl.org/dc/terms/" xmlns:xsi="http://www.w3.org/2001/XMLSchema-instance" xmlns:doc="http://www.lyncode.com/xoai" xsi:schemaLocation="http://www.loc.gov/MARC21/slim http://www.loc.gov/standards/marcxml/schema/MARC21slim.xsd">
   <leader>00925njm 22002777a 4500</leader>
   <datafield ind2=" " ind1=" " tag="042">
      <subfield code="a">dc</subfield>
   </datafield>
   <datafield ind2=" " ind1=" " tag="720">
      <subfield code="a">Galceran-Vercher, Marta</subfield>
      <subfield code="e">author</subfield>
   </datafield>
   <datafield ind2=" " ind1=" " tag="260">
      <subfield code="c">2021-04-16T10:22:32Z</subfield>
   </datafield>
   <datafield ind2=" " ind1=" " tag="260">
      <subfield code="c">2021-04-16T10:22:32Z</subfield>
   </datafield>
   <datafield ind2=" " ind1=" " tag="260">
      <subfield code="c">2019</subfield>
   </datafield>
   <datafield ind2=" " ind1=" " tag="520">
      <subfield code="a">Este artículo propone examinar la creciente influencia de las redes de ciudades como actores internacionales a partir de las herramientas teóricas que ofrece la literatura sobre gobernanza global y, en concreto, el concepto de emprendedores de normas. Tomando el «derecho a la ciudad» como caso de estudio, se argumenta que este podría ser conceptualizado como una norma global emergente, promovida por el municipalismo internacional como una alternativa al modelo de desarrollo urbano imperante. A través de la metodología de análisis del discurso y comparando la red de Ciudades y Gobiernos Locales Unidos (CGLU) y la Plataforma Global por el Derecho a la Ciudad (PGDC), se ofrecen unas conclusiones en relación con la evolución de este concepto y a los significados concretos que se le han vinculado.</subfield>
   </datafield>
   <datafield ind2=" " ind1=" " tag="520">
      <subfield code="a">This paper proposes to examine the growing influence of city networks as international actors based on the theoretical tools provided by the literature on global governance and, in particular, the concept of norm entrepreneurs. Taking the “right to the city” as a case study, it is argued that it could be conceptualised as an emerging global norm, promoted by international municipalism as an alternative to the prevailing urban development model. Using discourse analysis and comparing the networks United Cities and Local Governments (UCLG) and the Global Platform for the Right to the City (PGDC), conclusions are drawn on the evolution of this concept’s definition and the specific meanings that have been linked to it.</subfield>
   </datafield>
   <datafield ind2=" " ind1=" " tag="520">
      <subfield code="a">Este artículo se ha llevado a cabo con la ayuda del proyecto «La construcción de normas globales a examen: el impacto transformador del avance del cosmopolitismo y el resurgir de Westfalia», financiado por el Ministerio de Economía, Industria y Competitividad, Ref. DER2017-85800-P, para el trienio 2018-2020, otorgado al Grupo de Investigación en Derecho Internacional Público y Relaciones Internacionales de la Universidad Pompeu Fabra (UPF).</subfield>
   </datafield>
   <datafield tag="653" ind2=" " ind1=" ">
      <subfield code="a">Derecho a la ciudad</subfield>
   </datafield>
   <datafield tag="653" ind2=" " ind1=" ">
      <subfield code="a">Normas globales</subfield>
   </datafield>
   <datafield tag="653" ind2=" " ind1=" ">
      <subfield code="a">Gobernanza global</subfield>
   </datafield>
   <datafield tag="653" ind2=" " ind1=" ">
      <subfield code="a">Municipalismo internacional</subfield>
   </datafield>
   <datafield tag="653" ind2=" " ind1=" ">
      <subfield code="a">Análisis del discurso</subfield>
   </datafield>
   <datafield tag="653" ind2=" " ind1=" ">
      <subfield code="a">Rights to the city</subfield>
   </datafield>
   <datafield tag="653" ind2=" " ind1=" ">
      <subfield code="a">Global norms</subfield>
   </datafield>
   <datafield tag="653" ind2=" " ind1=" ">
      <subfield code="a">Global governance</subfield>
   </datafield>
   <datafield tag="653" ind2=" " ind1=" ">
      <subfield code="a">International municipalism</subfield>
   </datafield>
   <datafield tag="653" ind2=" " ind1=" ">
      <subfield code="a">Discourse analysis</subfield>
   </datafield>
   <datafield ind2="0" ind1="0" tag="245">
      <subfield code="a">Emprendedores de normas: el municipalismo internacional y el derecho a la ciudad</subfield>
   </datafield>
</record></metadata></record></GetRecord></OAI-PMH>